000 01391nam a2200217Ia 4500
003 Ost
005 20260507075636.0
008 260507s9999||||xx |||||||||||||| ||und||
020 _a5019119957
040 _cfsecg
041 _aara
082 _a658
100 _aاللوزي، موسى
_eمؤلف
245 0 _aالتطوير التنظيمي :
_bأساسيات ومفاهيم حديثة /
_c موسى اللوزي
250 _aطبعة 2
260 _aعمان:
_bدار وائل للنشر والتوزيع,
_c2003
300 _a343 صفحة؛
_bإيضاحات ؛
_c24 سم
520 _aالتطوير التنظيمي- القوة والصراع في التنظيمات الإدارية- التوتر التنظيمي والتطوير- الولاء التنظيمي والتطوير- تفويض الصلاحيات والتطوير التنظيمي- إدارة الوقت والتطوير التنظيمي- الإستشارات الإدارية والتطوير التنظيمي- إدارة الجودة الشاملة والتطوير التنظيمي- الهندرة الإدارية والتطوير التنظيمي- الموارد البشرية وتطويرها كمدخل للتطوير التنظيمي- التخاصية والتطوير التنظيمي- التطوير التنظيمي في الأردن
653 _aالتنظيم الإداري
942 _cكتاب
999 _c45299
_d45299